00680 2200229 4500001002100000005001700021008004100038020002200079035002400101040001200125090001800137100001600155245009700171250001800268260003600286300002800322504002700350650001900377850001200396990002100408990002100429YOGYA-1012000000024820121019074529.0 ind  a978-979-007-059-2 0010-101200000000248 aYOPDYOG a346.02bGau C aSoeroso, R. aContoh-contoh perjanjian yang banyak dipergunakan dalam praktikcR. Soeroso ; editor Tarmizi aEd.1 , cet. 2 aJakarta :bSinar Grafika,c2009 axviii, 544 hlm.:c23 cm aBibliografi : hlm. 543 aSurat menyurat aYOPDYOG a46501-PD/B.09b1 a46500-PD/B.09b1